Central Library OPAC University of Rajshahi

Physical distribution for export / (Record no. 42692)

MARC details
000 -LEADER
fixed length control field 00782nam a2200253 a 4500
001 - CONTROL NUMBER
control field 42692
003 - CONTROL NUMBER IDENTIFIER
rucl marc code (BD-RJUL)
005 - DATE AND TIME OF LATEST TRANSACTION
control field 20211209053557.0
008 - FIXED-LENGTH DATA ELEMENTS--GENERAL INFORMATION
fixed length control field 160614s19741974enkabk s 001 0 eng d
020 ## - INTERNATIONAL STANDARD BOOK NUMBER
International Standard Book Number 071610038X
035 ## - SYSTEM CONTROL NUMBER
System control number OCLC ocm00197669 from D960729M
-- (BD-RJUL) 42810
040 ## - CATALOGING SOURCE
Original cataloging agency DLC
Transcribing agency DLC
Modifying agency EQO
Language of cataloging eng
041 ## - LANGUAGE CODE
Language code of text/sound track or separate title eng
082 ## - DEWEY DECIMAL CLASSIFICATION NUMBER
Classification number 658.788
Author mark and year PHY 1974
245 10 - TITLE STATEMENT
Title Physical distribution for export /
Statement of responsibility, etc. editor Douglas Tookey
260 ## - PUBLICATION, DISTRIBUTION, ETC. (IMPRINT)
Place of publication, distribution, etc. London :
Name of publisher, distributor, etc. Gower Press,
Date of publication, distribution, etc. 1971 [reprint 1974]
300 ## - PHYSICAL DESCRIPTION
Pagination 223 p. :
Illustrations ill. ;
Size 24 cm
490 1# - SERIES STATEMENT
Series statement Gower Press special study
650 #0 - SUBJECT ADDED ENTRY--TOPICAL TERM
Topical term or geographic name as entry element Physical distribution of goods
General subdivision Management
9 (RLIN) 131225
Topical term or geographic name as entry element Exports
9 (RLIN) 131226
830 #0 - SERIES ADDED ENTRY--UNIFORM TITLE
Uniform title Gower Press special study
942 ## - ADDED ENTRY ELEMENTS (KOHA)
Source of classification or shelving scheme Dewey Decimal Classification
Koha item type Books
Holdings
Lost status Source of classification or shelving scheme Damaged status Not for loan Collection code Permanent Location Current Location Shelving location Date acquired Source of acquisition Cost, normal purchase price Total Checkouts Full call number Date last seen Copy number Koha item type
  Dewey Decimal Classification     Non-fiction Central Library, University of Rajshahi Central Library, University of Rajshahi   30/12/1980 Heffer 5.40   658.788 PHY 1974 14/06/2016 C-2 Books
  Dewey Decimal Classification     Non-fiction Central Library, University of Rajshahi Central Library, University of Rajshahi   30/12/1980 Heffor 5.40   658.788 PHY 1974 28/06/2016 C-3 Books